[Event "Lliga Catalana DH"]
[Site "?"]
[Date "2018.01.20"]
[Round "1.1"]
[White "Gozzoli, Yannick "]
[Black "Barbero Sendic, Alejandro "]
[Result "1-0"]
[WhiteElo "2567"]
[BlackElo "2430"]
[PlyCount "69"]
[EventDate "2018.??.??"]
[WhiteTeam "FIG"]
[BlackTeam "LLE"]

1. d4 d5 2. Nf3 Nf6 3. c4 dxc4 4. e3 Bg4 5. Bxc4 e6 6. h3 Bh5 7. Nc3 a6 8. g4
Bg6 9. h4 h5 10. Ne5 Nxg4 11. Nxg6 fxg6 12. Bxe6 Qf6 13. Bxg4 hxg4 14. Qxg4 Qf5
15. Rg1 Nc6 16. Qxg6+ Qxg6 17. Rxg6 Rxh4 18. Ke2 Kf7 19. Rg1 Re8 20. Kf1 Nb4
21. Bd2 Nd3 22. Be1 b5 23. Rb1 Re6 24. a3 b4 25. axb4 Bxb4 26. d5 Rd6 27. Bd2
Rh2 28. Ne4 Rf6 29. Ke2 Nxf2 30. Ng5+ Kg8 31. Bxb4 Nh3+ 32. Kd3 Nxg1 33. Rxg1
Rg6 34. b3 Rb6 35. Kc3 1-0

[Event "Lliga Catalana DH"]
[Site "?"]
[Date "2018.01.20"]
[Round "1.2"]
[White "Trepat Herranz, Joan "]
[Black "Gonzalez Rodriguez, Jorge "]
[Result "0-1"]
[WhiteElo "2431"]
[BlackElo "2381"]
[PlyCount "74"]
[EventDate "2018.??.??"]
[WhiteTeam "LLE"]
[BlackTeam "FIG"]

1. d4 Nf6 2. c4 e6 3. Nc3 Bb4 4. e3 b6 5. Nge2 Bb7 6. a3 Be7 7. Nf4 O-O 8. Bd3
c5 9. d5 e5 10. Nfe2 d6 11. O-O g6 12. f4 exf4 13. exf4 Nbd7 14. h3 Ne8 15. g4
Bh4 16. Be3 Ng7 17. Qd2 f5 18. g5 h6 19. gxh6 Nh5 20. Kh2 Kh7 21. Rg1 Qe7 22.
Raf1 Rae8 23. Nd1 Ndf6 24. Nec3 Bc8 25. Rg2 Ne4 26. Nxe4 fxe4 27. Be2 Qf6 28.
Rfg1 Nxf4 29. Bxf4 Qxf4+ 30. Qxf4 Rxf4 31. Rxg6 Bf6 32. R6g2 Bd4 33. Re1 Be5
34. Kh1 Bxh3 35. Rf2 Rh4 36. Ne3 Rg8 37. Rf7+ Kxh6 0-1

[Event "Lliga Catalana DH"]
[Site "?"]
[Date "2018.01.20"]
[Round "1.3"]
[White "Touzane, Olivier "]
[Black "Adel Lahchaichi, Oussama"]
[Result "1-0"]
[WhiteElo "2283"]
[BlackElo "2378"]
[PlyCount "99"]
[EventDate "2018.??.??"]
[WhiteTeam "FIG"]
[BlackTeam "LLE"]

1. d4 d5 2. Nf3 Nf6 3. Bf4 c5 4. c3 Qb6 5. Qb3 c4 6. Qxb6 axb6 7. Na3 Bd7 8.
Ne5 e6 9. Nxd7 Kxd7 10. Nc2 Nc6 11. a3 Nh5 12. Be3 f5 13. g3 Rg8 14. f3 Bd6 15.
Bf2 g5 16. e4 Bc7 17. exf5 exf5 18. Bh3 g4 19. fxg4 fxg4 20. Bg2 Rae8+ 21. Ne3
Rg5 22. O-O Kd6 23. Rae1 Re6 24. Re2 Ne7 25. Be1 Nf6 26. Bd2 Rg6 27. Nxc4+ Kd7
28. Rxe6 Kxe6 29. Re1+ Kd7 30. Ne5+ Bxe5 31. Rxe5 Nc6 32. Rg5 Rxg5 33. Bxg5 Ne4
34. Bc1 Ke6 35. Kf1 Na5 36. Ke2 Nb3 37. Bf4 Kf5 38. Kd3 b5 39. Bf1 Na5 40. Kc2
Nc4 41. Bd3 h5 42. b3 Nb6 43. Bxb5 Nf2 44. Bc7 Na8 45. Bd7+ Ke4 46. Bd8 Kf3 47.
Bc8 Kg2 48. Bxb7 Kxh2 49. Bxa8 Kxg3 50. Bxd5 1-0

[Event "Lliga Catalana DH"]
[Site "?"]
[Date "2018.01.20"]
[Round "1.4"]
[White "Martinez Lopez, Ivan"]
[Black "Serra Pages, Jordi "]
[Result "1/2-1/2"]
[WhiteElo "2317"]
[BlackElo "2338"]
[PlyCount "25"]
[EventDate "2018.??.??"]
[WhiteTeam "LLE"]
[BlackTeam "FIG"]

1. Nf3 Nf6 2. g3 g6 3. Bg2 Bg7 4. O-O O-O 5. c4 c6 6. d4 d5 7. cxd5 cxd5 8. Nc3
Ne4 9. Bd2 Nc6 10. e3 Bg4 11. h3 Nxd2 12. Qxd2 Bxf3 13. Bxf3 1/2-1/2

[Event "Lliga Catalana DH"]
[Site "?"]
[Date "2018.01.20"]
[Round "1.5"]
[White "Ibanez Tarradellas, Eduard "]
[Black "Quintas Galeano, Lluis "]
[Result "1-0"]
[WhiteElo "2319"]
[BlackElo "2227"]
[PlyCount "65"]
[EventDate "2018.??.??"]
[WhiteTeam "FIG"]
[BlackTeam "LLE"]

1. d4 g6 2. Bg5 Bg7 3. c3 Nf6 4. Nd2 h6 5. Bh4 d6 6. Ngf3 c6 7. e4 g5 8. Bg3
Nh5 9. Bc4 Nxg3 10. hxg3 d5 11. Bb3 Be6 12. O-O Nd7 13. Re1 O-O 14. Nh2 Qc8 15.
f4 Nb6 16. fxg5 hxg5 17. Qh5 g4 18. Bc2 Rd8 19. e5 c5 20. Nb3 cxd4 21. Bh7+ Kf8
22. cxd4 Na4 23. Re2 Qd7 24. Rf1 f6 25. Rf4 Qe8 26. Qh4 Qf7 27. Ref2 Ke8 28.
Nxg4 Kd7 29. exf6 Bxf6 30. Ne5+ Kc7 31. Rxf6 Qxf6 32. Rxf6 exf6 33. Qxf6 1-0

[Event "Lliga Catalana DH"]
[Site "?"]
[Date "2018.01.20"]
[Round "1.6"]
[White "Sole Pijuan, Ferran "]
[Black "Baños, Oscar Francisco"]
[Result "1/2-1/2"]
[WhiteElo "2226"]
[BlackElo "2307"]
[PlyCount "34"]
[EventDate "2018.??.??"]
[WhiteTeam "LLE"]
[BlackTeam "FIG"]

1. d4 e6 2. c4 Bb4+ 3. Bd2 a5 4. Nf3 Nf6 5. a3 Bxd2+ 6. Qxd2 O-O 7. Nc3 d6 8.
e4 Nc6 9. Rd1 Qe7 10. Be2 a4 11. O-O e5 12. d5 Na5 13. Qc2 Bd7 14. Nxa4 Nxc4
15. Nc3 Nb6 16. Nb5 Rfc8 17. Rfe1 Qe8 1/2-1/2

[Event "Lliga Catalana DH"]
[Site "?"]
[Date "2018.01.20"]
[Round "1.7"]
[White "Pijuan Herranz, Manel "]
[Black "Brunded Segura, Mario "]
[Result "1-0"]
[WhiteElo "2307"]
[BlackElo "2217"]
[PlyCount "95"]
[EventDate "2018.??.??"]
[WhiteTeam "FIG"]
[BlackTeam "LLE"]

1. d4 Nf6 2. Nf3 e6 3. g3 c5 4. c4 cxd4 5. Nxd4 Nc6 6. Bg2 Bb4+ 7. Nc3 Qa5 8.
O-O Nxd4 9. Qxd4 Bxc3 10. bxc3 O-O 11. c5 Ne8 12. Rd1 f6 13. a4 Rf7 14. Rb1 Rb8
15. Bf4 e5 16. Qc4 Nc7 17. Be3 Ne6 18. f4 exf4 19. gxf4 f5 20. Rd6 Qc7 21. Qb4
Rf8 22. a5 Nd8 23. Bd5+ Kh8 24. c6 Re8 25. Bb6 axb6 26. axb6 bxc6 27. bxc7 Rxb4
28. Rxb4 Nb7 29. Rxb7 Bxb7 30. Bf3 Bc8 31. c4 Kg8 32. Rd2 Kf7 33. c5 Ke7 34.
Kf2 Ba6 35. Ra2 Bc4 36. Ra7 Rc8 37. e4 fxe4 38. Bxe4 h6 39. Ke3 d5 40. Bf5 d4+
41. Kxd4 Be6 42. Ke5 Bxf5 43. Kxf5 Kf7 44. Ke5 Ke7 45. h4 Kd7 46. h5 Re8+ 47.
Kd4 Rf8 48. Ke4 1-0

[Event "Lliga Catalana DH"]
[Site "?"]
[Date "2018.01.20"]
[Round "1.8"]
[White "Codina Garcia, Josep "]
[Black "Pinsach Gelabert, Alexandre"]
[Result "1/2-1/2"]
[WhiteElo "2189"]
[BlackElo "2294"]
[PlyCount "49"]
[EventDate "2018.??.??"]
[WhiteTeam "LLE"]
[BlackTeam "FIG"]

1. Nf3 Nf6 2. d4 d5 3. c4 dxc4 4. e3 Bg4 5. Bxc4 e6 6. O-O Nc6 7. Nbd2 Bd6 8.
h3 Bh5 9. Bb5 O-O 10. Bxc6 bxc6 11. Qa4 c5 12. b3 cxd4 13. Qxd4 a5 14. a3 Rb8
15. Qc4 Bg6 16. e4 Bf4 17. Re1 Rb6 18. Ra2 Qa8 19. Rc2 Rd8 20. Qe2 Bh5 21. Qc4
Bg6 22. Qe2 Rbb8 23. Rc4 Rd7 24. g3 Bh6 25. Ne5 1/2-1/2

[Event "Lliga Catalana DH"]
[Site "?"]
[Date "2018.01.20"]
[Round "1.9"]
[White "Colls Gelaberto, Emili "]
[Black "Masague Artero, Guerau"]
[Result "1-0"]
[WhiteElo "2271"]
[BlackElo "2158"]
[PlyCount "139"]
[EventDate "2018.??.??"]
[WhiteTeam "FIG"]
[BlackTeam "LLE"]

1. Nf3 c5 2. c4 Nc6 3. d4 cxd4 4. Nxd4 g6 5. e4 Bg7 6. Be3 Nf6 7. Nc3 O-O 8.
Be2 d6 9. O-O Bd7 10. Qd2 Nxd4 11. Bxd4 Bc6 12. f3 Nd7 13. Be3 a5 14. b3 Nc5
15. Rab1 Be5 16. Rfd1 e6 17. Bd4 Qe7 18. Bxe5 dxe5 19. Qd6 Qxd6 20. Rxd6 Rfd8
21. Rbd1 Rxd6 22. Rxd6 Kf8 23. Kf2 Ke7 24. Rd2 f5 25. Ke3 Rd8 26. Rxd8 Kxd8 27.
Bd3 Kc7 28. Bc2 Kd6 29. a3 b6 30. Nd1 b5 31. cxb5 Bxb5 32. g3 Bc6 33. Nf2 Na6
34. Kd2 Nc7 35. Bd3 Bb5 36. b4 axb4 37. axb4 Bxd3 38. Nxd3 Nb5 39. Nb2 Nd4 40.
Nc4+ Kc6 41. Nxe5+ Kd6 42. Kd3 Nb5 43. Nc4+ Kc6 44. h4 Nc7 45. Na3 fxe4+ 46.
fxe4 Ne8 47. Kd4 Nf6 48. Ke5 Nh5 49. g4 Ng3 50. Nc2 Kb5 51. Nd4+ Kxb4 52. Nxe6
Kc4 53. Nf8 Kd3 54. Nxh7 Nxe4 55. Nf8 Ke3 56. Nxg6 Kf3 57. g5 Ng3 58. Ne7 Kg4
59. g6 Nh5 60. Nf5 Kh3 61. Ke4 Kg4 62. Ke5 Kh3 63. Kd4 Kg4 64. Ke4 Nf6+ 65. Ke5
Nh5 66. Ke6 Kf4 67. g7 Kg4 68. Kf7 Nxg7 69. Kxg7 Kxf5 70. h5 1-0

[Event "Lliga Catalana DH"]
[Site "?"]
[Date "2018.01.20"]
[Round "1.10"]
[White "Sole Gonzalez, Edgar"]
[Black "Parals Marce, Lluis"]
[Result "0-1"]
[WhiteElo "2134"]
[BlackElo "2214"]
[PlyCount "102"]
[EventDate "2018.??.??"]
[WhiteTeam "LLE"]
[BlackTeam "FIG"]

1. d4 g6 2. Nf3 Bg7 3. Bf4 d6 4. c3 Nd7 5. e4 e5 6. dxe5 Nxe5 7. Nxe5 dxe5 8.
Qxd8+ Kxd8 9. Be3 Bh6 10. Bxh6 Nxh6 11. f3 Be6 12. Nd2 Ke7 13. Bc4 Rad8 14.
Bxe6 Kxe6 15. O-O-O f6 16. Nc4 Nf7 17. Rxd8 Rxd8 18. Rd1 Rf8 19. Kd2 f5 20.
exf5+ gxf5 21. Re1 Rd8+ 22. Kc2 Kf6 23. Rd1 Nd6 24. Ne3 Ke6 25. Nd5 Rd7 26. b3
Rg7 27. Rd2 c6 28. Ne3 f4 29. Nf1 Nf5 30. Rf2 h5 31. Kd1 a5 32. Ke1 b5 33. Kd1
a4 34. b4 c5 35. bxc5 Kd5 36. Kc2 Kxc5 37. Re2 Kd5 38. Rd2+ Ke6 39. Rf2 Rc7 40.
a3 h4 41. Rd2 Nd6 42. g3 Nc4 43. Rd8 Nxa3+ 44. Kb2 Nc4+ 45. Kc2 hxg3 46. hxg3
b4 47. gxf4 b3+ 48. Kb1 a3 49. Ra8 a2+ 50. Ka1 Rd7 51. Ra6+ Ke7 0-1

[Event "Lliga Catalana DH"]
[Site "?"]
[Date "2018.01.20"]
[Round "1.1"]
[White "Herraiz Hidalgo, Herminio"]
[Black "Fluvia Poyatos, Joan"]
[Result "1/2-1/2"]
[WhiteElo "2483"]
[BlackElo "2538"]
[PlyCount "31"]
[EventDate "2018.??.??"]
[WhiteTeam "CAT"]
[BlackTeam "SJO"]

1. Nf3 Nf6 2. g3 b5 3. Bg2 Bb7 4. O-O e6 5. d3 d5 6. e4 dxe4 7. Nfd2 Nc6 8.
Nxe4 Nxe4 9. Bxe4 Rb8 10. a4 b4 11. Be3 Nd4 12. Bxb7 Rxb7 13. Nd2 Be7 14. Bxd4
Qxd4 15. Qf3 Qd5 16. Kg2 1/2-1/2

[Event "Lliga Catalana DH"]
[Site "?"]
[Date "2018.01.20"]
[Round "1.2"]
[White "Gallego Alcaraz, Andres Felipe"]
[Black "Canal Oliveras, Joan"]
[Result "1-0"]
[WhiteElo "2452"]
[BlackElo "2317"]
[PlyCount "67"]
[EventDate "2018.??.??"]
[WhiteTeam "SJO"]
[BlackTeam "CAT"]

1. d4 f5 2. g3 Nf6 3. Bg2 e6 4. c4 d5 5. Nf3 c6 6. O-O Bd6 7. Qc2 O-O 8. Nc3
Qe8 9. Rb1 a5 10. a3 b5 11. cxb5 cxb5 12. Ne5 b4 13. Na4 Qb5 14. Nc5 Ra7 15.
Bf4 Na6 16. Qd3 Qxd3 17. Nexd3 Bxf4 18. gxf4 Ne4 19. axb4 axb4 20. Ra1 Rff7 21.
Nb3 Nb8 22. Ne5 Rxa1 23. Rxa1 Rc7 24. Bxe4 dxe4 25. Nc5 Nc6 26. Nxc6 Rxc6 27.
Ra4 e5 28. fxe5 h6 29. e3 f4 30. exf4 Bh3 31. f5 Bxf5 32. Kf1 Rg6 33. Rxb4 Bh3+
34. Ke2 1-0

[Event "Lliga Catalana DH"]
[Site "?"]
[Date "2018.01.20"]
[Round "1.3"]
[White "Amigo Vilalta, Jordi"]
[Black "Fluvia  Poyatos, Jordi"]
[Result "1-0"]
[WhiteElo "2322"]
[BlackElo "2460"]
[PlyCount "65"]
[EventDate "2018.??.??"]
[WhiteTeam "CAT"]
[BlackTeam "SJO"]

1. d4 Nf6 2. c4 c5 3. d5 e6 4. Nc3 exd5 5. cxd5 d6 6. e4 g6 7. Nge2 a6 8. a4
Nbd7 9. Ng3 h5 10. Be2 h4 11. Nf1 Qe7 12. f3 Nh5 13. Be3 Bg7 14. g4 hxg3 15.
hxg3 f5 16. Qc2 Ndf6 17. g4 fxg4 18. e5 Qxe5 19. Qxg6+ Kf8 20. fxg4 Ng3 21.
Rxh8+ Bxh8 22. Bh6+ Ke7 23. Nxg3 Qxg3+ 24. Kd2 Bd7 25. Bg5 Qh2 26. Ne4 Rf8 27.
Nxf6 Bxf6 28. Rf1 Qh8 29. Bd3 Be8 30. Qe4+ Kd8 31. Rxf6 Rxf6 32. Qe6 Qh2+ 33.
Kc3 1-0

[Event "Lliga Catalana DH"]
[Site "?"]
[Date "2018.01.20"]
[Round "1.4"]
[White "Porras Mateo, Felipe"]
[Black "Ballesteros Collazos, Sergio"]
[Result "1-0"]
[WhiteElo "2448"]
[BlackElo "2319"]
[PlyCount "55"]
[EventDate "2018.??.??"]
[WhiteTeam "SJO"]
[BlackTeam "CAT"]

1. d4 Nf6 2. c4 g6 3. g3 Bg7 4. Bg2 O-O 5. Nc3 d6 6. Nf3 Nbd7 7. O-O e5 8. e4
a6 9. Re1 exd4 10. Nxd4 Ng4 11. h3 Qf6 12. hxg4 Qxd4 13. Nd5 c6 14. Be3 Qxd1
15. Ne7+ Kh8 16. Raxd1 Ne5 17. Nxc8 Raxc8 18. b3 Nxg4 19. Bb6 Bc3 20. Re2 Bb4
21. Bh3 f5 22. exf5 gxf5 23. Re7 Rfe8 24. Bd4+ Kg8 25. Rg7+ Kf8 26. Rxb7 a5 27.
Rxh7 Rcd8 28. Rh5 1-0

[Event "Lliga Catalana DH"]
[Site "?"]
[Date "2018.01.20"]
[Round "1.5"]
[White "Martin Grillo, Ruben"]
[Black "Guerrero Sierra, Juan Carlos"]
[Result "0-1"]
[WhiteElo "2306"]
[BlackElo "2347"]
[PlyCount "58"]
[EventDate "2018.??.??"]
[WhiteTeam "CAT"]
[BlackTeam "SJO"]

1. e4 c5 2. b3 Nf6 3. e5 Nd5 4. Bb2 Nc6 5. Nc3 Nxc3 6. Bxc3 g6 7. e6 f6 8.
exd7+ Bxd7 9. Bc4 Qc7 10. Nf3 e5 11. O-O O-O-O 12. d3 g5 13. Nd2 f5 14. a3 h5
15. b4 g4 16. Nb3 h4 17. Nxc5 Bxc5 18. bxc5 g3 19. Qf3 gxh2+ 20. Kh1 h3 21. g3
Nd4 22. Qd1 Bc6+ 23. f3 Qg7 24. Bxd4 Qxg3 25. Qe2 Rxd4 26. Be6+ Kd8 27. Bxf5
Rg8 28. Rf2 Qg1+ 29. Rxg1 hxg1=Q# 0-1

[Event "Lliga Catalana DH"]
[Site "?"]
[Date "2018.01.20"]
[Round "1.6"]
[White "Iglesias, Jorge"]
[Black "Vera Pons, Felipe"]
[Result "1/2-1/2"]
[WhiteElo "2382"]
[BlackElo "2298"]
[PlyCount "29"]
[EventDate "2018.??.??"]
[WhiteTeam "SJO"]
[BlackTeam "CAT"]

1. c4 f5 2. Nc3 Nf6 3. h3 d6 4. d4 g6 5. Nf3 Bg7 6. Qb3 Nc6 7. d5 Nb8 8. g4 Na6
9. gxf5 Nc5 10. Qd1 Bxf5 11. Nd4 Bd7 12. Bg2 a5 13. Bg5 O-O 14. Qd2 Qe8 15. O-O
1/2-1/2

[Event "Lliga Catalana DH"]
[Site "?"]
[Date "2018.01.20"]
[Round "1.7"]
[White "Saez Coma, Alejandro"]
[Black "Gutierrez Clares, Joaquim"]
[Result "0-1"]
[WhiteElo "2218"]
[BlackElo "2326"]
[PlyCount "132"]
[EventDate "2018.??.??"]
[WhiteTeam "CAT"]
[BlackTeam "SJO"]

1. d4 Nf6 2. Nf3 g6 3. Bf4 Bg7 4. Nc3 d5 5. Qd2 Ne4 6. Nxe4 dxe4 7. Ne5 f6 8.
Nc4 Be6 9. e3 c6 10. Na5 Qc8 11. Qb4 b6 12. Nb3 Nd7 13. Bc4 a5 14. Qc3 Bd5 15.
Nd2 f5 16. Bxd5 cxd5 17. Qb3 Qb7 18. c4 a4 19. Qb4 Bf8 20. Be5 Nxe5 21. dxe5 e6
22. Qb5+ Kf7 23. cxd5 Qxd5 24. Qxd5 exd5 25. Rc1 Bc5 26. Ke2 g5 27. f3 Ke6 28.
g4 Kxe5 29. gxf5 exf3+ 30. Nxf3+ Kxf5 31. Rhf1 Rhe8 32. Nd4+ Kg6 33. Rcd1 Re4
34. Nc2 Rd8 35. Rd3 Rh4 36. Rf2 h5 37. b3 axb3 38. axb3 Re4 39. Kf3 g4+ 40. Kg2
h4 41. h3 g3 42. Rfd2 Re5 43. b4 Be7 44. Nd4 Rc8 45. Nf3 Re4 46. Rxd5 Bxb4 47.
Rb2 Bc5 48. Ne5+ Kg7 49. Rd7+ Kf6 50. Ng4+ Ke6 51. Rbd2 Be7 52. Kf3 Rec4 53.
Rb7 Rf8+ 54. Kg2 Rb4 55. Rc2 b5 56. Rb6+ Kd5 57. e4+ Kd4 58. Re6 Kd3 59. Ne3
Bg5 60. Nd5 Kxc2 61. Nxb4+ Kb3 62. Nd3 Kc3 63. Rd6 b4 64. Nc5 Rf2+ 65. Kg1 Ra2
66. Nd3 Be3+ 0-1

[Event "Lliga Catalana DH"]
[Site "?"]
[Date "2018.01.20"]
[Round "1.8"]
[White "Fernandez Madrid, Carles"]
[Black "Vigo Allepuz, David"]
[Result "1/2-1/2"]
[WhiteElo "2242"]
[BlackElo "2223"]
[PlyCount "76"]
[EventDate "2018.??.??"]
[WhiteTeam "SJO"]
[BlackTeam "CAT"]

1. d4 e6 2. c4 d5 3. Nc3 f5 4. cxd5 exd5 5. Bf4 c6 6. e3 Nf6 7. Bd3 Bd6 8. Nf3
O-O 9. O-O Qe7 10. Qc2 Ne4 11. Bxd6 Qxd6 12. Ne5 Nd7 13. f3 Nxc3 14. Qxc3 Nf6
15. Rae1 Be6 16. a3 a5 17. Bb1 Rfc8 18. Rc1 b6 19. b4 axb4 20. axb4 Ra4 21.
Nxc6 Bd7 22. b5 g6 23. Bd3 Ra3 24. Qc2 Kg7 25. g3 Ng8 26. Rfd1 Ne7 27. Qb2 Bxc6
28. bxc6 Rxc6 29. Rxc6 Nxc6 30. Qxb6 Qb4 31. Qxc6 Rxd3 32. Qc7+ Kh6 33. Rc1 Qd2
34. Qf4+ Kg7 35. Rc7+ Kg8 36. Rc8+ Kg7 37. Qe5+ Kh6 38. Qf4+ Kg7 1/2-1/2

[Event "Lliga Catalana DH"]
[Site "?"]
[Date "2018.01.20"]
[Round "1.9"]
[White "Morcillo Ferran, Jordi"]
[Black "Barcelo Sola, David"]
[Result "1-0"]
[WhiteElo "2214"]
[BlackElo "2178"]
[PlyCount "79"]
[EventDate "2018.??.??"]
[WhiteTeam "CAT"]
[BlackTeam "SJO"]

1. e4 c5 2. Nf3 Nc6 3. d4 cxd4 4. Nxd4 g6 5. c4 Bg7 6. Be3 Nf6 7. Nc3 Ng4 8.
Qxg4 Nxd4 9. Qd1 Ne6 10. Qd2 b6 11. Be2 Bb7 12. O-O Qc7 13. Rac1 Rg8 14. Nd5
Qe5 15. Rfd1 Rd8 16. b4 f5 17. f4 Qb2 18. Rc2 Qa3 19. e5 d6 20. Rc3 Qa4 21. Rd3
Kf7 22. exd6 exd6 23. g4 Qc6 24. gxf5 gxf5 25. Bh5+ Kf8 26. Kf2 Qxc4 27. Rc1
Qb5 28. Nc7 Qd7 29. Nxe6+ Qxe6 30. Rc7 Qh6 31. Rf7+ Ke8 32. Rxg7+ Qxh5 33.
Rxg8+ Kf7 34. Rg1 Re8 35. Qc3 Qxh2+ 36. Kf1 Qh3+ 37. Ke1 Qh6 38. Qc7+ Re7 39.
Qd8 Re8 40. Qd7+ 1-0

[Event "Lliga Catalana DH"]
[Site "?"]
[Date "2018.01.20"]
[Round "1.10"]
[White "Martinez Talavera, Jordi"]
[Black "Martin Tarrio, David"]
[Result "0-1"]
[WhiteElo "2087"]
[BlackElo "2156"]
[PlyCount "88"]
[EventDate "2018.??.??"]
[WhiteTeam "SJO"]
[BlackTeam "CAT"]

1. d4 e6 2. Bf4 Nf6 3. e3 b6 4. Nf3 Bb7 5. Nbd2 d5 6. c3 Bd6 7. Bg3 O-O 8. Bd3
c5 9. Ne5 Qc7 10. f4 Nbd7 11. Qf3 Rfc8 12. Bh4 Be7 13. O-O g6 14. f5 exf5 15.
Bxf5 gxf5 16. Qxf5 Bc6 17. Qg5+ Kf8 18. Nxd7+ Qxd7 19. Rxf6 Bxf6 20. Qxf6 Kg8
21. Qg5+ Kh8 22. Rf1 Rg8 23. Qh5 Rg6 24. Nf3 Qg4 25. Qe5+ Kg8 26. Bg3 Qe6 27.
Qxe6 Rxe6 28. Ne5 f6 29. Ng4 Kg7 30. Bf4 h5 31. Nh6 Bb5 32. Rf3 Bd3 33. Rg3+
Kh7 34. Rh3 Bg6 35. Ng4 Kg7 36. Nf2 cxd4 37. Nd1 Bc2 38. Rg3+ Kf7 39. Nf2 dxe3
40. Nh3 e2 41. Bd2 e1=Q+ 42. Bxe1 Rxe1+ 43. Kf2 Rae8 44. Nf4 R1e5 0-1

[Event "Lliga Catalana DH"]
[Site "?"]
[Date "2018.01.20"]
[Round "1.1"]
[White "Jerez Perez, Alfonso"]
[Black "Gonzalez Garcia, Jose"]
[Result "1-0"]
[WhiteElo "2456"]
[BlackElo "2565"]
[PlyCount "105"]
[EventDate "2018.??.??"]
[WhiteTeam "FOM"]
[BlackTeam "CCS"]

1. e4 c5 2. c3 d5 3. exd5 Qxd5 4. d4 Nf6 5. Nf3 Bg4 6. Be2 e6 7. O-O Nc6 8. h3
Bh5 9. Be3 cxd4 10. Nxd4 Bxe2 11. Qxe2 Nxd4 12. Bxd4 Be7 13. Rd1 Qc6 14. Nd2
O-O 15. Nf3 Rfd8 16. Ne5 Qe4 17. Qxe4 Nxe4 18. Be3 f6 19. Nf3 Bc5 20. Bxc5 Nxc5
21. Kf1 Na4 22. Rd4 Rxd4 23. Nxd4 e5 24. Nf5 Rd8 25. Ke2 Rd7 26. Rb1 Kf7 27.
Ne3 Ke6 28. g3 f5 29. Nd1 e4 30. Rc1 g5 31. c4 Ke5 32. c5 Rc7 33. b4 f4 34. Nc3
Nb2 35. Nb5 Rc6 36. Nxa7 Ra6 37. c6 f3+ 38. Kf1 bxc6 39. Nxc6+ Kd6 40. Na5 Nd3
41. Rb1 Nxb4 42. Nb7+ Kc6 43. Rxb4 Rxa2 44. Rb1 e3 45. fxe3 Rh2 46. Rb4 h5 47.
Nd8+ Kc5 48. Rd4 Rxh3 49. Ne6+ Kc6 50. Nxg5 Rxg3 51. Ne4 Rg2 52. Nd2 Re2 53.
Rd3 1-0

[Event "Lliga Catalana DH"]
[Site "?"]
[Date "2018.01.20"]
[Round "1.2"]
[White "Diaz Camallonga, Carles"]
[Black "Granados Gomez, Manel"]
[Result "1-0"]
[WhiteElo "2489"]
[BlackElo "2446"]
[PlyCount "109"]
[EventDate "2018.??.??"]
[WhiteTeam "CCS"]
[BlackTeam "FOM"]

1. e4 e5 2. Nf3 Nc6 3. Bb5 Nf6 4. d3 Bc5 5. c3 d6 6. O-O Bd7 7. h3 h6 8. Be3
Qe7 9. Bxc5 dxc5 10. Na3 a6 11. Bxc6 Bxc6 12. Nc4 Nd7 13. Na5 Qf6 14. b4 cxb4
15. cxb4 b6 16. Nxc6 Qxc6 17. d4 Qd6 18. Qb3 O-O 19. Rfd1 exd4 20. Rxd4 Qe7 21.
Rad1 Ne5 22. Nxe5 Qxe5 23. Qc4 b5 24. Qe2 a5 25. Rd5 Qe7 26. Rxb5 axb4 27. Rb7
Ra3 28. Qc4 Qe5 29. Rxb4 Rfa8 30. Rb7 Rxa2 31. Qxc7 Qxc7 32. Rxc7 Re2 33. Rc4
Raa2 34. Rf1 h5 35. h4 g6 36. g3 Kg7 37. Kg2 Kf6 38. Kf3 Rab2 39. Rc8 Ra2 40.
Rc6+ Ke5 41. Rc5+ Kf6 42. Rg5 Ke6 43. g4 hxg4+ 44. Rxg4 Ke5 45. h5 f5 46. Rg5
Rxe4 47. hxg6 Ra3+ 48. Kg2 Ra8 49. g7 Rg8 50. Ra1 Kf6 51. Rg3 f4 52. Ra6+ Kf7
53. Ra7+ Kf6 54. Rg4 Kf5 55. Kf3 1-0

[Event "Lliga Catalana DH"]
[Site "?"]
[Date "2018.01.20"]
[Round "1.3"]
[White "Mestre Bellido, Hector"]
[Black "Romero Holmes, Alfonso"]
[Result "1/2-1/2"]
[WhiteElo "2353"]
[BlackElo "2533"]
[PlyCount "103"]
[EventDate "2018.??.??"]
[WhiteTeam "FOM"]
[BlackTeam "CCS"]

1. Nf3 d5 2. g3 Nc6 3. d4 Bg4 4. Bg2 e6 5. O-O Nf6 6. c4 Bd6 7. b3 O-O 8. Bb2
Bh5 9. Nbd2 a5 10. a3 Re8 11. Re1 Bf8 12. Rc1 Ne4 13. Nxe4 dxe4 14. Ne5 Nxe5
15. dxe5 Bg6 16. e3 Qxd1 17. Rcxd1 Ra6 18. Rc1 Rb6 19. Rc3 Rd8 20. c5 Rb5 21.
Rec1 Rd3 22. R3c2 Rdxb3 23. Bd4 Rxa3 24. Bf1 Rd3 25. g4 h5 26. h3 hxg4 27. hxg4
Rbb3 28. Bxd3 exd3 29. Ra2 Be4 30. Kh2 Bf3 31. Rc3 Rxc3 32. Bxc3 b6 33. Kg3 Bd1
34. cxb6 cxb6 35. Rb2 Bc5 36. Rb5 a4 37. g5 Bc2 38. Rxc5 bxc5 39. f4 Kf8 40.
Kf2 Ke8 41. Ke1 Kd7 42. Bb2 Kc6 43. Kd2 Kd5 44. Kc3 Ke4 45. Kd2 g6 46. Ba3 c4
47. Bb2 a3 48. Bxa3 c3+ 49. Kxc3 Kxe3 50. Bc1+ Ke2 51. Bd2 Bb1 52. Bc1 1/2-1/2

[Event "Lliga Catalana DH"]
[Site "?"]
[Date "2018.01.20"]
[Round "1.4"]
[White "Lorenzo de la Riva, Lazaro"]
[Black "Torrecillas Martinez, Antonio"]
[Result "1-0"]
[WhiteElo "2449"]
[BlackElo "2384"]
[PlyCount "65"]
[EventDate "2018.??.??"]
[WhiteTeam "CCS"]
[BlackTeam "FOM"]

1. d4 Nf6 2. Nf3 g6 3. Bf4 b6 4. e3 Bg7 5. a4 a6 6. Be2 O-O 7. O-O d6 8. h3 Bb7
9. c4 Nbd7 10. Nc3 Re8 11. Bh2 e5 12. a5 Qe7 13. Ra3 Ne4 14. Nxe4 Bxe4 15. Qd2
Rab8 16. b4 exd4 17. exd4 Qf6 18. Rd1 bxa5 19. Rxa5 Bxf3 20. Bxf3 Qxd4 21. Qxd4
Bxd4 22. Bc6 Rbd8 23. Bxd6 Bb6 24. Rxa6 Nb8 25. Rxb6 Re6 26. Rxb8 Rxb8 27. Bxc7
Rc8 28. Bd7 Rxc7 29. Bxe6 fxe6 30. c5 Kf7 31. f4 Ke7 32. Kf2 Rb7 33. Rd4 1-0

[Event "Lliga Catalana DH"]
[Site "?"]
[Date "2018.01.20"]
[Round "1.5"]
[White "Arias Boo, Guillermo"]
[Black "Perpinya Rofes, Lluis Maria"]
[Result "1-0"]
[WhiteElo "2359"]
[BlackElo "2450"]
[PlyCount "107"]
[EventDate "2018.??.??"]
[WhiteTeam "FOM"]
[BlackTeam "CCS"]

1. d4 Nf6 2. c4 g6 3. Nf3 Bg7 4. g3 O-O 5. Bg2 d6 6. O-O Nc6 7. Nc3 e5 8. dxe5
dxe5 9. Bg5 Be6 10. Qa4 h6 11. Rad1 Qb8 12. Bxf6 Bxf6 13. Nd2 Rd8 14. Bxc6 bxc6
15. Nde4 Bg7 16. Rxd8+ Qxd8 17. Qxc6 Rb8 18. Rd1 Qc8 19. Nd5 Bxd5 20. cxd5 Rb6
21. Qc2 Qd7 22. b3 h5 23. h4 Qf5 24. Qc4 Bf8 25. Ng5 Bd6 26. Rd3 Rb4 27. Qc6 e4
28. Rc3 Rd4 29. Kg2 Rxd5 30. Qe8+ Kg7 31. Qxe4 Rd2 32. Qc4 Qd5+ 33. Qxd5 Rxd5
34. Ne4 Ra5 35. a4 Ra6 36. Rc4 Rb6 37. Nxd6 cxd6 38. b4 Kf6 39. b5 Ke6 40. Kf3
d5 41. Rc2 Kd6 42. Ke3 a6 43. Rb2 Kc5 44. Kd3 f6 45. Rc2+ Kd6 46. bxa6 Rxa6 47.
Ra2 Kc5 48. a5 Kb4 49. Ra1 Kc5 50. e3 f5 51. Kc3 Rc6 52. a6 Kb6+ 53. Kd4 Ka7
54. Ra2 1-0

[Event "Lliga Catalana DH"]
[Site "?"]
[Date "2018.01.20"]
[Round "1.6"]
[White "Rahal, Michael"]
[Black "Estrella Vidiella, Jordi"]
[Result "1-0"]
[WhiteElo "2426"]
[BlackElo "2348"]
[PlyCount "67"]
[EventDate "2018.??.??"]
[WhiteTeam "CCS"]
[BlackTeam "FOM"]

1. e4 c5 2. Nf3 e6 3. d4 cxd4 4. Nxd4 Nc6 5. Nc3 Qc7 6. g3 a6 7. Bg2 Nf6 8. O-O
Be7 9. Re1 d6 10. Nxc6 bxc6 11. e5 dxe5 12. Rxe5 Nd5 13. Qe1 O-O 14. Bxd5 cxd5
15. Nxd5 exd5 16. Rxe7 Qxc2 17. Bf4 Qxb2 18. Be5 Qa3 19. Bd4 Qd6 20. Qe3 Bf5
21. Bc5 Qg6 22. Re1 h5 23. Re5 Rfd8 24. Qf4 Bh3 25. Rg5 Re8 26. Be3 Qe4 27.
Rxg7+ Kxg7 28. Bd4+ Kg8 29. Rxe4 Rxe4 30. Qg5+ Kf8 31. Bc5+ Ke8 32. f3 Re2 33.
Qg8+ Kd7 34. Qxa8 1-0